000 00613nam a22001697a 4500
003 PILC
005 20150305145422.0
008 150305b xxu||||| |||| 00| 0 eng d
050 _aBF 698.35.E54
_b.Or65 2014
100 _aOrdinario, Wynchell Dyn M.
245 _aSelf-acceptance and life values profile of Single Middle-Aged Women in Las Piñas City /
_cWynchell Dyn M. Ordinario.
260 _aLas Piñas City, Philippines :
_bSouthville International School and Colleges,
_cc2014.
300 _a105 pages :
_billustrations ;
_c28 cm.
521 _aPsychology
650 _aSelf acceptance.
942 _2lcc
_cTH
999 _c283732
_d283732